| 000 | 00644nam a22001937a 4500 | ||
|---|---|---|---|
| 008 | 150407b xxu||||| |||| 00| 0 eng d | ||
| 020 | _a0020931808 | ||
| 050 | _aQ175.L444 1983 | ||
| 100 |
_aLeShan, Lawrence. _916910 |
||
| 245 |
_aEinstein's space and Van Gogh's sky: _bphysical reality and beyond. _c/by Lawrence LeShan and Henry Margenau |
||
| 260 |
_aNew York _bCollier books _c1982 |
||
| 300 |
_axiv,268p. ; _c24cm. |
||
| 650 |
_aScience _xPhilosophy _916911 |
||
| 650 |
_aScience _xMethodology _916912 |
||
| 650 |
_aReality _916913 |
||
| 650 |
_aReductionism _911376 |
||
| 700 |
_aMargenau, Henry _916914 |
||
| 942 |
_2lcc _cMONOGRAPH |
||
| 999 |
_c122575 _d122575 |
||